El asedio / (Record no. 178849)

MARC details
000 -LEADER
campo de control de longitud fija 00695nam a2200217 4500
001 - NÚMERO DE CONTROL
campo de control 178849
003 - IDENTIFICADOR DE NÚMERO DE CONTROL
campo de control ES-MaACL
005 - FECHA Y HORA DE LA ÚLTIMA TRANSACCIÓN
campo de control 20231013063114.0
008 - DATOS DE LONGITUD FIJA--INFORMACIÓN GENERAL
campo de control de longitud fija 110719s2010 sp e |||| | spa d
020 ## - NÚMERO INTERNACIONAL ESTÁNDAR DEL LIBRO
Número Internacional Estándar del Libro 978-84-204-0555-1
080 ## - NÚMERO DE LA CLASIFICACIÓN DECIMAL UNIVERSAL
Número de la Clasificación Decimal Universal 821.134.2-31"19"
100 1# - ENTRADA PRINCIPAL--NOMBRE DE PERSONA
Nombre de persona Pérez-Reverte, Arturo,
Fechas asociadas al nombre 1951-
9 (RLIN) 226783
245 13 - MENCIÓN DEL TÍTULO
Título El asedio /
Mención de responsabilidad, etc. Arturo Pérez-Reverte.
260 ## - PUBLICACIÓN, DISTRIBUCIÓN, ETC.
Lugar de publicación, distribución, etc. [Madrid] :
Nombre del editor, distribuidor, etc. Alfaguara,
Fecha de publicación, distribución, etc. [2010]
300 ## - DESCRIPCIÓN FÍSICA
Extensión 727 p. :
Otras características físicas 2 plan. ;
Dimensiones 24 cm.
651 #4 - PUNTO DE ACCESO ADICIONAL DE MATERIA--NOMBRE GEOGRÁFICO
Nombre geográfico Cádiz-
Subdivisión general Historia-
Subdivisión cronológica S.XIX-
Subdivisión de forma Novelas.
9 (RLIN) 147373
852 ## - LOCALIZACIÓN
Ubicación ES-MaACL
itemnumber 185714
Sublocalización o colección R.145867
Número de control de estantería A-11361
Signatura antigua Olim: N-4365
Ubicación en estantería Depósito 1
942 ## - ELEMENTOS DE ENTRADA SECUNDARIOS (KOHA)
Fuente del sistema de clasificación o colocación Clasificación decimal universal
Tipo de ítem Koha Libro impreso
Holdings
Estatus retirado Estado de pérdida Fuente del sistema de clasificación o colocación Estado de daño No para préstamo Biblioteca de origen Biblioteca actual Ubicación en estantería Fecha de adquisición Fuente de adquisición Total de préstamos Signatura topográfica completa Código de barras Visto por última vez Precio de reemplazo Tipo de ítem Koha
    Clasificación decimal universal     Biblioteca del Ateneo de Madrid Biblioteca del Ateneo de Madrid Depósito 1 19/07/2011 Compra   A-11361 1187869 23/02/2023 23/02/2023 Libro impreso